[Event "Gausdal Troll Masters"]
[Site "Gausdal, Norway"]
[Date "2003.01.11"]
[Round "6"]
[White "Rozentalis, Eduardas"]
[Black "Kovalevskaya, Ekaterina"]
[Result "1-0"]
[WhiteElo "2585"]
[BlackElo "2452"]
[PlyCount "113"]
[EventDate "2003.01.??"]
[Source "EeEk"]
[SourceDate "2003.01.08"]

1. e4 c5 2. c3 d6 3. d4 Nf6 4. Bd3 cxd4 5. cxd4 e5 6. Nf3 exd4 7. Nxd4 Nc6 8.
Nxc6 bxc6 9. O-O Be7 10. Qc2 Bb7 11. Nc3 O-O 12. Bf4 Qa5 13. Rae1 Ba6 14. Bxa6
Qxa6 15. e5 dxe5 16. Bxe5 Rfe8 17. Re2 Nd5 18. a3 Bf6 19. Bxf6 Nxf6 20. Rfe1
Rxe2 21. Qxe2 Qxe2 22. Rxe2 Kf8 23. Kf1 Rd8 24. g3 Nd7 25. h4 Nb6 26. Rc2 Ke7
27. Ne4 Rd4 28. Re2 h6 29. Ng5+ Kf6 30. Nf3 Rd1+ 31. Kg2 Rd6 32. Rc2 g6 33. Nd2
Ke7 34. Ne4 Re6 35. Kf3 Nd7 36. Nc5 Re5 37. Nd3 Rb5 38. Rxc6 Rxb2 39. Nxb2 Ne5+
40. Ke4 Nxc6 41. Kd5 Nd8 42. Nd3 f6 43. a4 g5 44. h5 Ne6 45. Kc6 f5 46. Kb7 a5
47. Kb6 Kd6 48. Kxa5 Kc7 49. Ne5 g4 50. Nd3 Ng7 51. Nf4 Ne8 52. Nd5+ Kb7 53.
Kb4 Nd6 54. Nf6 Kb6 55. a5+ Ka6 56. Kc5 Nf7 57. Kd5 1-0

[Event "Gausdal Troll Masters"]
[Site "Gausdal, Norway"]
[Date "2003.01.11"]
[Round "6"]
[White "Miezis, Normunds"]
[Black "Leer-Salvesen, Bjarte"]
[Result "1-0"]
[WhiteElo "2523"]
[BlackElo "2329"]
[PlyCount "109"]
[EventDate "2003.01.??"]
[Source "EeEk"]
[SourceDate "2003.01.08"]

1. c4 e6 2. e4 d5 3. exd5 exd5 4. d4 Nf6 5. Nc3 Be7 6. Nf3 O-O 7. Bd3 Nc6 8.
O-O Bg4 9. Be3 Nb4 10. Be2 dxc4 11. Bxc4 c6 12. h3 Bh5 13. Bb3 Nbd5 14. Bg5 Re8
15. Re1 Nxc3 16. bxc3 Nd5 17. Bd2 Bd6 18. Rxe8+ Qxe8 19. Bc2 Nf4 20. Bxf4 Bxf4
21. g3 Bxf3 22. Qxf3 Bd6 23. Rb1 Qe7 24. c4 Qd7 25. Bf5 Qc7 26. Qb3 g6 27. Bc2
b6 28. Qf3 Rd8 29. Ba4 c5 30. d5 Be5 31. Re1 Qd6 32. Kg2 Qf6 33. Qe4 Bd4 34.
Re2 a6 35. Bc6 Qd6 36. a4 Kg7 37. Qb1 Rb8 38. Qe1 Bf6 39. f4 Rd8 40. Re3 Rb8
41. h4 h6 42. Qe2 a5 43. h5 g5 44. Qg4 Kh8 45. Qf5 Bd4 46. Re4 gxf4 47. Qxf4
Qxf4 48. gxf4 Rd8 49. Re7 Kg7 50. Kf3 Kf6 51. Rb7 Rd6 52. Be8 Kg7 53. Bxf7 Kf8
54. Be6 Bc3 55. Ke4 1-0

[Event "Gausdal Troll Masters"]
[Site "Gausdal, Norway"]
[Date "2003.01.11"]
[Round "6"]
[White "Kallio, Heikki"]
[Black "Ovsejevitsch, Sergei"]
[Result "1/2-1/2"]
[WhiteElo "2479"]
[BlackElo "2517"]
[PlyCount "72"]
[EventDate "2003.01.??"]
[Source "EeEk"]
[SourceDate "2003.01.08"]

1. d4 Nf6 2. c4 e6 3. Nf3 d5 4. Nc3 Be7 5. Bg5 O-O 6. e3 h6 7. Bh4 Ne4 8. Bxe7
Qxe7 9. Bd3 Nxc3 10. bxc3 dxc4 11. Bxc4 b6 12. Ne5 Bb7 13. O-O c5 14. Bb5 Rc8
15. Qh5 Nc6 16. Bxc6 Bxc6 17. Nxc6 Rxc6 18. a4 cxd4 19. cxd4 Rd8 20. Qb5 Rc7
21. g3 Rd5 22. Qb3 Rc6 23. Rfd1 Qd7 24. Rac1 Ra5 25. Ra1 Qc8 26. e4 Rc3 27. Qb4
Rc4 28. Qe7 Rc7 29. Qd6 Rd7 30. Qb4 Qc6 31. f3 Rc7 32. Rd2 Qd7 33. Kg2 Rc6 34.
h4 h5 35. Rad1 Rd6 36. Ra2 Rc6 1/2-1/2

[Event "Gausdal Troll Masters"]
[Site "Gausdal, Norway"]
[Date "2003.01.11"]
[Round "6"]
[White "Womacka, Mathias"]
[Black "Hanley, Craig"]
[Result "1/2-1/2"]
[WhiteElo "2496"]
[BlackElo "2359"]
[PlyCount "84"]
[EventDate "2003.01.??"]
[Source "EeEk"]
[SourceDate "2003.01.08"]

1. e4 e6 2. d4 d5 3. Nd2 Nf6 4. Bd3 c5 5. e5 Nfd7 6. c3 Nc6 7. Ne2 cxd4 8. cxd4
f6 9. exf6 Nxf6 10. Nf3 Bd6 11. O-O Qc7 12. Nc3 a6 13. Be3 O-O 14. Rc1 Bd7 15.
Na4 Qa5 16. Bd2 Bb4 17. Rc5 b5 18. Bxb4 Nxb4 19. Nc3 Nxd3 20. Qxd3 Rac8 21.
Rxc8 Rxc8 22. a3 b4 23. axb4 Qxb4 24. Rb1 Be8 25. Ne5 Bg6 26. Nxg6 hxg6 27. Ne2
Rc6 28. Nf4 Qc4 29. Qxc4 dxc4 30. Nxg6 Rb6 31. Rc1 Rxb2 32. h3 Ne4 33. Rxc4
Nxf2 34. Rc8+ Kh7 35. Nf8+ Kh6 36. Nxe6 Nd1 37. d5 Rd2 38. Rc6 Ne3 39. Nf8+ Kh5
40. d6 Kh4 41. d7 Rxg2+ 42. Kh1 Kxh3 1/2-1/2

[Event "Gausdal Troll Masters"]
[Site "Gausdal, Norway"]
[Date "2003.01.11"]
[Round "6"]
[White "Bluvshtein, Mark"]
[Black "Lugovoi, Aleksei"]
[Result "1/2-1/2"]
[WhiteElo "2461"]
[BlackElo "2540"]
[PlyCount "37"]
[EventDate "2003.01.??"]
[Source "EeEk"]
[SourceDate "2003.01.08"]

1. d4 Nf6 2. c4 e6 3. Nc3 Bb4 4. f3 d5 5. a3 Bxc3+ 6. bxc3 c5 7. cxd5 Nxd5 8.
dxc5 f5 9. Nh3 O-O 10. c4 Qh4+ 11. Nf2 Qf6 12. Bd2 Nc3 13. Qc1 Na4 14. Nd3 Nd7
15. Bg5 Qf7 16. Be3 Qe7 17. Bg5 Qe8 18. Be3 Qe7 19. Bg5 1/2-1/2

[Event "Gausdal Troll Masters"]
[Site "Gausdal, Norway"]
[Date "2003.01.11"]
[Round "6"]
[White "Hole, Øystein"]
[Black "Agopov, Mikael"]
[Result "1/2-1/2"]
[WhiteElo "2252"]
[BlackElo "2376"]
[PlyCount "100"]
[EventDate "2003.01.??"]
[Source "EeEk"]
[SourceDate "2003.01.08"]

1. Nf3 Nf6 2. c4 c5 3. Nc3 b6 4. g3 Bb7 5. Bg2 g6 6. O-O Bg7 7. d4 cxd4 8. Nxd4
Qc8 9. b3 Bxg2 10. Kxg2 Qb7+ 11. Kg1 O-O 12. Bb2 Na6 13. e4 d6 14. f3 Nc5 15.
Qd2 a6 16. Rac1 Rad8 17. Rfd1 Rfe8 18. Nde2 Nfd7 19. Nd5 Nd3 20. Qxd3 Bxb2 21.
Rc2 Bg7 22. Qe3 Rc8 23. Rdc1 e6 24. Nb4 d5 25. Nd3 dxe4 26. fxe4 Red8 27. b4
Nf6 28. Nf2 e5 29. c5 bxc5 30. bxc5 Qc6 31. Rb2 Rb8 32. Rb6 Qc7 33. Rxa6 Rb2
34. Nd3 Ng4 35. Qf3 Rd2 36. Ra3 Bh6 37. Qxg4 R2xd3 38. Rxd3 Rxd3 39. Rc2 Be3+
40. Kg2 Bxc5 41. Nc1 Rd6 42. Nb3 Rc6 43. Rxc5 Rxc5 44. Nxc5 Qxc5 45. Qe2 Qa3
46. Qc4 h5 47. h4 Kf8 48. Qd5 Qb2+ 49. Kg1 Qc3 50. Kg2 Qb2+ 1/2-1/2

[Event "Gausdal Troll Masters"]
[Site "Gausdal, Norway"]
[Date "2003.01.11"]
[Round "6"]
[White "Westerinen, Heikki"]
[Black "Nolsøe, Eydun"]
[Result "1-0"]
[WhiteElo "2374"]
[BlackElo "2236"]
[PlyCount "55"]
[EventDate "2003.01.??"]
[Source "EeEk"]
[SourceDate "2003.01.08"]

1. e4 c5 2. Nf3 d6 3. c3 Nf6 4. h3 Nbd7 5. Bd3 g6 6. O-O Bg7 7. Bc2 O-O 8. d4
cxd4 9. cxd4 b6 10. Nc3 Bb7 11. Re1 Rc8 12. Bg5 Qc7 13. Rc1 Qb8 14. Qd2 e5 15.
Rcd1 a6 16. Bb3 Rfe8 17. Bh6 Bh8 18. dxe5 dxe5 19. Qxd7 Nxd7 20. Rxd7 Rf8 21.
Ng5 Bg7 22. Nxf7 Bxh6 23. Ng5+ Rf7 24. Rxf7 Qa8 25. Rxb7+ Kf8 26. Nxh7+ Ke8 27.
Nf6+ Kf8 28. Rf7# 1-0

[Event "Gausdal Troll Masters"]
[Site "Gausdal, Norway"]
[Date "2003.01.11"]
[Round "6"]
[White "Gambäck, Björn"]
[Black "Shumiakina, Tatiana"]
[Result "0-1"]
[WhiteElo "2213"]
[BlackElo "2364"]
[PlyCount "208"]
[EventDate "2003.01.??"]
[Source "EeEk"]
[SourceDate "2003.01.08"]

1. Nf3 d5 2. d4 Nf6 3. c4 c6 4. Qc2 e6 5. Bg5 h6 6. Bh4 dxc4 7. Qxc4 b5 8. Qc2
Bb7 9. e3 Nbd7 10. Nbd2 a6 11. a4 Rc8 12. Be2 c5 13. d5 Bxd5 14. axb5 axb5 15.
Bxb5 Be7 16. Ne5 O-O 17. Nxd7 Nxd7 18. Bxe7 Qxe7 19. Ra7 Rfd8 20. O-O Ra8 21.
Rfa1 Rab8 22. Bd3 Qf6 23. b3 Ne5 24. Be2 Bb7 25. Rd1 Qg5 26. Bf1 Nc6 27. Raa1
Nb4 28. Qc4 Rbc8 29. Ne4 Rxd1 30. Rxd1 Qe5 31. Ng3 Bd5 32. Qb5 Bxb3 33. Rc1 Qb8
34. Qxb8 Rxb8 35. Rxc5 Bd5 36. Rc1 Na2 37. Ra1 Nc3 38. Ne2 Ne4 39. Nf4 Ba8 40.
Bd3 Nc5 41. Be2 g6 42. Nd3 Nd7 43. h3 Bc6 44. Rc1 Bb5 45. Nf4 Bxe2 46. Nxe2 Rb7
47. Nd4 Kg7 48. Kf1 Nf6 49. Rc2 g5 50. Ke2 Nd5 51. g3 Kg6 52. e4 Nf6 53. f3 Kg7
54. Rc8 Nh5 55. Kf2 Rb4 56. Ne2 Rb2 57. Ke3 Rb3+ 58. Kf2 Nf6 59. Rc3 Rb7 60.
Rc2 Nd7 61. f4 Nf6 62. Kf3 Rb4 63. e5 Nd5 64. Rd2 Rb3+ 65. Kg2 Re3 66. Rb2 gxf4
67. Nxf4 Rxe5 68. Nxd5 Rxd5 69. Rb3 Kg6 70. Kf3 Ra5 71. Kf4 f6 72. g4 h5 73.
Re3 Ra6 74. Kg3 hxg4 75. hxg4 Kg5 76. Re4 e5 77. Rb4 Rd6 78. Kf3 Rd4 79. Rb8
Rf4+ 80. Ke3 Rxg4 81. Rg8+ Kf5 82. Rf8 Rg3+ 83. Kf2 Rb3 84. Ra8 Kf4 85. Ra6 f5
86. Ra2 e4 87. Re2 Rd3 88. Kg2 e3 89. Kh3 Rd2 90. Re1 e2 91. Kg2 Ke3 92. Kg3
Rd1 93. Rxe2+ Kxe2 94. Kf4 Rf1+ 95. Ke5 f4 96. Ke4 f3 97. Kd4 f2 98. Ke4 Ra1
99. Kd4 f1=Q 100. Ke4 Ra4+ 101. Kd5 Qf5+ 102. Kc6 Ra6+ 103. Kb7 Rh6 104. Kc7
Qf7+ 0-1

[Event "Gausdal Troll Masters"]
[Site "Gausdal, Norway"]
[Date "2003.01.11"]
[Round "6"]
[White "Berg, Olaf"]
[Black "Molander, Riku"]
[Result "0-1"]
[WhiteElo "2065"]
[BlackElo "2291"]
[PlyCount "64"]
[EventDate "2003.01.??"]
[Source "EeEk"]
[SourceDate "2003.01.08"]

1. e4 c5 2. Nf3 Nc6 3. Bb5 d6 4. c3 Bd7 5. O-O Nf6 6. Re1 e6 7. d4 cxd4 8. cxd4
d5 9. e5 Ne4 10. Bd3 Bb4 11. Re2 f5 12. exf6 Nxf6 13. Bg5 O-O 14. Bc2 Qe8 15.
a3 Bd6 16. Nc3 Qh5 17. Qd3 Ne4 18. Rxe4 dxe4 19. Nxe4 Rxf3 20. gxf3 Bxh2+ 21.
Kf1 Rf8 22. Be3 Nb4 23. axb4 Bb5 24. Nd2 Bxd3+ 25. Bxd3 Bf4 26. Re1 Bxe3 27.
fxe3 Qh2 28. Re2 Qh1+ 29. Kf2 h5 30. Be4 g5 31. Kg3 Qg1+ 32. Kh3 h4 0-1

[Event "Gausdal Troll Masters"]
[Site "Gausdal, Norway"]
[Date "2003.01.11"]
[Round "6"]
[White "Tallaksen, Geir Sune"]
[Black "Valenti, Giuseppe"]
[Result "1/2-1/2"]
[WhiteElo "2258"]
[BlackElo "2230"]
[PlyCount "67"]
[EventDate "2003.01.??"]
[Source "EeEk"]
[SourceDate "2003.01.08"]

1. d4 Nf6 2. c4 e6 3. Nf3 d5 4. Nc3 Be7 5. cxd5 exd5 6. Bg5 O-O 7. Qc2 c6 8. e3
Ne4 9. Nxe4 dxe4 10. Bxe7 Qxe7 11. Nd2 Re8 12. Bc4 Nd7 13. O-O Nf6 14. Rab1 a5
15. a3 a4 16. Rfc1 Ra5 17. Be2 Ng4 18. b4 Rh5 19. Bxg4 Bxg4 20. Nf1 Qh4 21. b5
cxb5 22. Qc7 Be2 23. Qd7 Rf8 24. Rc8 g6 25. Qxb7 Bxf1 26. Rxf8+ Kxf8 27. Kxf1
Rf5 28. Qb8+ Kg7 29. Rb2 Qe7 30. Rxb5 Rxb5 31. Qxb5 Qxa3 32. Qe5+ Kg8 33. Qe8+
Kg7 34. Qe5+ 1/2-1/2

[Event "Gausdal Troll Masters"]
[Site "Gausdal, Norway"]
[Date "2003.01.11"]
[Round "6"]
[White "Ask, Josef"]
[Black "Bisby, Daniel"]
[Result "0-1"]
[WhiteElo "2128"]
[BlackElo "2283"]
[PlyCount "86"]
[EventDate "2003.01.??"]
[Source "EeEk"]
[SourceDate "2003.01.08"]

1. e4 c5 2. d4 cxd4 3. c3 dxc3 4. Nxc3 a6 5. Bc4 e6 6. Nf3 b5 7. Bb3 Bb7 8. Qe2
d6 9. O-O Nd7 10. Rd1 b4 11. Nd5 exd5 12. exd5+ Be7 13. Nd4 Nc5 14. Bc4 Kf8 15.
Bf4 Bg5 16. Bg3 Ne7 17. a3 b3 18. Qf3 Rc8 19. Re1 Bf6 20. Rad1 h5 21. h4 Na4
22. Qxb3 Nb6 23. Bf1 Bxd5 24. Qb4 Bxd4 25. Qxd4 Nf5 26. Qf4 Nxg3 27. fxg3 Rh6
28. Bxa6 Rc2 29. Re2 Rxe2 30. Bxe2 Qe7 31. Bf1 Qe5 32. Qb4 Qe3+ 33. Kh2 Rg6 34.
Rd3 Qf2 35. Qf4 Qxf4 36. gxf4 Bc4 37. Rd1 Bxf1 38. Rxf1 d5 39. Ra1 d4 40. a4
Nc4 41. b3 Ne3 42. Ra2 d3 43. Rd2 Nf1+ 0-1

[Event "Gausdal Troll Masters"]
[Site "Gausdal, Norway"]
[Date "2003.01.11"]
[Round "6"]
[White "Fäldt, Magnus"]
[Black "Martinsen, Stig K"]
[Result "1/2-1/2"]
[WhiteElo "2252"]
[BlackElo "2085"]
[PlyCount "46"]
[EventDate "2003.01.??"]
[Source "EeEk"]
[SourceDate "2003.01.08"]

1. d4 f5 2. g3 Nf6 3. Bg2 g6 4. Nf3 Bg7 5. O-O O-O 6. b4 c6 7. c4 Na6 8. Qb3
Nc7 9. a4 d6 10. Bb2 h6 11. Nc3 Be6 12. b5 Qe8 13. Nd2 Rb8 14. d5 cxd5 15. cxd5
Bf7 16. Rac1 Nd7 17. Qa2 a6 18. Nd1 Bxb2 19. Nxb2 Rc8 20. bxa6 Nxa6 21. Nd3
Nac5 22. Nxc5 Nxc5 23. a5 Qa4 1/2-1/2

[Event "Gausdal Troll Masters"]
[Site "Gausdal, Norway"]
[Date "2003.01.11"]
[Round "6"]
[White "Charleshouse, Glenn"]
[Black "Glenne, Bjørn Erik"]
[Result "1/2-1/2"]
[WhiteElo "2284"]
[BlackElo "2203"]
[PlyCount "61"]
[EventDate "2003.01.??"]
[Source "EeEk"]
[SourceDate "2003.01.08"]

1. e4 c6 2. c4 e5 3. Nf3 d6 4. Nc3 Nf6 5. d4 Nbd7 6. Be2 Be7 7. O-O O-O 8. h3
Ne8 9. Qc2 g6 10. Rd1 Qc7 11. Rb1 Ng7 12. b4 f5 13. dxe5 Nxe5 14. Nxe5 dxe5 15.
exf5 gxf5 16. f4 Ne6 17. c5 Bf6 18. Bc4 Kh8 19. Bxe6 Bxe6 20. Rd6 Rae8 21. fxe5
Bxe5 22. Bb2 Qg7 23. Re1 Kg8 24. Nd1 Bd5 25. Rxe5 Rxe5 26. Bxe5 Qxe5 27. Qc3
Qe7 28. Qg3+ Kh8 29. Qc3+ Kg8 30. Qg3+ Kh8 31. Qc3+ 1/2-1/2

[Event "Gausdal Troll Masters"]
[Site "Gausdal, Norway"]
[Date "2003.01.11"]
[Round "6"]
[White "Harestad, Hans Krogh"]
[Black "Simonsen, Olavur"]
[Result "1-0"]
[WhiteElo "2236"]
[BlackElo "2265"]
[PlyCount "97"]
[EventDate "2003.01.??"]
[Source "EeEk"]
[SourceDate "2003.01.08"]

1. d4 Nf6 2. c4 e5 3. dxe5 Ne4 4. Nf3 Nc6 5. Nbd2 Nc5 6. g3 d6 7. exd6 Qxd6 8.
Bg2 Bf5 9. O-O O-O-O 10. a3 Qf6 11. Ra2 Ne4 12. Qb3 Be7 13. Nxe4 Bxe4 14. Bg5
Qe6 15. Bxe7 Qxe7 16. Raa1 Nd4 17. Nxd4 Bxg2 18. Kxg2 Rxd4 19. Qa4 a6 20. Qc2
Rhd8 21. e3 Rd3 22. Rad1 Qe4+ 23. Kg1 h5 24. Rxd3 Qxd3 25. Rc1 Qd7 26. Qe4 g6
27. c5 f5 28. Qc2 Qc6 29. h4 Kb8 30. b4 Qf3 31. c6 bxc6 32. a4 Rd6 33. b5 axb5
34. axb5 Kb7 35. Qa4 cxb5 36. Qxb5+ Rb6 37. Qe5 Rc6 38. Qb5+ Rb6 39. Qd7 Rc6
40. Rb1+ Rb6 41. Rc1 Rc6 42. Ra1 Rd6 43. Qb5+ Rb6 44. Qa4 Rc6 45. Qa8+ Kb6 46.
Qa7+ Kb5 47. Qa5+ Kc4 48. Rc1+ Kd3 49. Qb5+ 1-0

[Event "Gausdal Troll Masters"]
[Site "Gausdal, Norway"]
[Date "2003.01.11"]
[Round "6"]
[White "Poulsen, Martin"]
[Black "Fossum, Øystein Bøyum"]
[Result "1/2-1/2"]
[WhiteElo "2244"]
[BlackElo "2167"]
[PlyCount "63"]
[EventDate "2003.01.??"]
[Source "EeEk"]
[SourceDate "2003.01.08"]

1. e4 e6 2. d4 d5 3. Nd2 c5 4. Ngf3 Nf6 5. e5 Nfd7 6. c4 Nc6 7. cxd5 exd5 8.
Bb5 cxd4 9. O-O Be7 10. Re1 O-O 11. Bxc6 bxc6 12. Nxd4 Qb6 13. N2b3 Nc5 14. Be3
Rd8 15. Rc1 Nxb3 16. Qxb3 c5 17. Qxb6 axb6 18. Nc6 Re8 19. b4 d4 20. Nxe7+ Rxe7
21. Bg5 Rc7 22. Bd8 Rc6 23. Be7 Rxa2 24. bxc5 bxc5 25. Rxc5 Rxc5 26. Bxc5 d3
27. Be3 h6 28. f3 Kh7 29. Rd1 Ba6 30. Rd2 Rxd2 31. Bxd2 h5 32. Kf2 1/2-1/2

[Event "Gausdal Troll Masters"]
[Site "Gausdal, Norway"]
[Date "2003.01.11"]
[Round "6"]
[White "Berning, Boris"]
[Black "Nygren, Kim"]
[Result "0-1"]
[WhiteElo "2240"]
[BlackElo "2202"]
[PlyCount "68"]
[EventDate "2003.01.??"]
[Source "EeEk"]
[SourceDate "2003.01.08"]

1. e4 c5 2. Nc3 a6 3. g3 b5 4. Bg2 Bb7 5. d3 Nf6 6. f4 e6 7. Nf3 b4 8. Ne2 c4
9. Be3 Be7 10. h3 O-O 11. O-O a5 12. b3 cxd3 13. cxd3 Na6 14. g4 Bc5 15. Bxc5
Nxc5 16. Ng3 Qb6 17. Kh2 Ba6 18. g5 Ne8 19. Ne5 f6 20. gxf6 Nxf6 21. Nc4 Qb8
22. Rc1 d5 23. Ne5 Qb6 24. exd5 exd5 25. Nh5 Rad8 26. Rg1 Kh8 27. Nxf6 Qxf6 28.
Qh5 Nxd3 29. Be4 dxe4 30. Rc7 Qxf4+ 31. Rg3 Qf2+ 32. Rg2 Qxg2+ 33. Kxg2 Nf4+
34. Kh2 Nxh5 0-1

[Event "Gausdal Troll Masters"]
[Site "Gausdal, Norway"]
[Date "2003.01.11"]
[Round "6"]
[White "Stokke, Kjetil"]
[Black "Johansen, Paul"]
[Result "1-0"]
[WhiteElo "2136"]
[BlackElo "2239"]
[PlyCount "71"]
[EventDate "2003.01.??"]
[Source "EeEk"]
[SourceDate "2003.01.08"]

1. Nf3 Nf6 2. c4 c6 3. Nc3 d5 4. d4 e6 5. Bg5 Nbd7 6. e3 Bd6 7. Qc2 a6 8. Bd3
dxc4 9. Bxc4 Qa5 10. O-O e5 11. Bxf6 Nxf6 12. Ng5 Rf8 13. Nce4 Nxe4 14. Qxe4 f5
15. Qh4 Be7 16. Qh5+ g6 17. Qxh7 Qb4 18. Qxg6+ Kd8 19. Ne6+ Bxe6 20. Bxe6 f4
21. a3 Qb5 22. dxe5 fxe3 23. Qg7 e2 24. Rfe1 Qd3 25. Qg3 Qe4 26. Bg4 Rg8 27. h3
Kc7 28. Qf3 Qxe5 29. Rxe2 Qf6 30. Rae1 Bd8 31. Qg3+ Kb6 32. Qe3+ Kc7 33. Qg3+
Kb6 34. Qb3+ Ka7 35. Qxg8 Bc7 36. Qe6 1-0

[Event "Gausdal Troll Masters"]
[Site "Gausdal, Norway"]
[Date "2003.01.11"]
[Round "6"]
[White "Astengo, Corrado"]
[Black "Lönngren, Tobias"]
[Result "1-0"]
[WhiteElo "2172"]
[BlackElo "2122"]
[PlyCount "111"]
[EventDate "2003.01.??"]
[Source "EeEk"]
[SourceDate "2003.01.08"]

1. e4 c6 2. d4 d5 3. Nd2 dxe4 4. Nxe4 Nd7 5. Bc4 Ngf6 6. Ng5 e6 7. Qe2 Nb6 8.
Bb3 a5 9. c3 a4 10. Bc2 h6 11. N5f3 a3 12. b3 Nbd5 13. Bd2 Qa5 14. b4 Qc7 15.
Ne5 b6 16. Bd3 Bb7 17. Ngf3 Bd6 18. O-O O-O 19. Rab1 c5 20. bxc5 bxc5 21. c4
Ne7 22. dxc5 Bxc5 23. Bb4 Bxb4 24. Rxb4 Nc6 25. Rb3 Ra5 26. Re1 Ba8 27. Nxc6
Qxc6 28. Qd2 Rg5 29. Bf1 Rg4 30. Rxa3 Ne4 31. Qd4 Nf6 32. Qd2 Ne4 33. Qd4 Nf6
34. Qe3 Nh5 35. h3 Re4 36. Qxe4 Qxe4 37. Rxe4 Bxe4 38. Re3 Bb1 39. a3 Rd8 40.
g3 Rd1 41. Kg2 Rc1 42. Re1 Rxe1 43. Nxe1 Nf6 44. Kf3 Kf8 45. Ke3 Ke7 46. Kd4
Kd6 47. Nd3 Bxd3 48. c5+ Kc6 49. Bxd3 e5+ 50. Kc4 e4 51. Bc2 h5 52. Ba4+ Kc7
53. Kd4 g5 54. Ke5 h4 55. gxh4 Ng4+ 56. hxg4 1-0

[Event "Gausdal Troll Masters"]
[Site "Gausdal, Norway"]
[Date "2003.01.11"]
[Round "6"]
[White "Torgersen, Terje"]
[Black "Unander, Matts"]
[Result "1/2-1/2"]
[WhiteElo "1790"]
[BlackElo "2214"]
[PlyCount "59"]
[EventDate "2003.01.??"]
[Source "EeEk"]
[SourceDate "2003.01.08"]

1. d4 Nf6 2. Nf3 e6 3. c4 b6 4. g3 Ba6 5. b3 Bb4+ 6. Bd2 Be7 7. Nc3 Bb7 8. Bg2
Ne4 9. Nxe4 Bxe4 10. Bc3 O-O 11. O-O d6 12. d5 Bf6 13. Bxf6 Qxf6 14. dxe6 fxe6
15. Qd4 Bb7 16. Qxf6 Rxf6 17. Nd4 Bxg2 18. Kxg2 a6 19. f4 Nd7 20. Nf3 Re8 21.
e4 g6 22. e5 dxe5 23. fxe5 Rf5 24. Rad1 Re7 25. g4 Rf4 26. Kg3 Rf8 27. Rfe1 h6
28. Nd4 Rff7 29. Nc6 Re8 30. Rf1 1/2-1/2

[Event "Gausdal Troll Masters"]
[Site "Gausdal, Norway"]
[Date "2003.01.11"]
[Round "6"]
[White "Johansen, Kai-Roger"]
[Black "Bjørgvik, Jan Arne"]
[Result "0-1"]
[WhiteElo "2084"]
[BlackElo "1609"]
[PlyCount "120"]
[EventDate "2003.01.??"]
[Source "EeEk"]
[SourceDate "2003.01.08"]

1. c4 e5 2. Nc3 Nf6 3. g3 c6 4. d4 exd4 5. Qxd4 Na6 6. Bg5 Be7 7. Bg2 O-O 8.
Nf3 Nc7 9. e4 Ne6 10. Qd2 Nxg5 11. Nxg5 h6 12. Nh3 Bb4 13. O-O Qe7 14. Rfe1 d6
15. a3 Bxc3 16. Qxc3 Bxh3 17. Bxh3 Nxe4 18. Qd4 d5 19. f3 Qf6 20. Qxf6 Nxf6 21.
cxd5 Nxd5 22. f4 Rfe8 23. Kf2 Kf8 24. Red1 Nb6 25. Rd2 Rad8 26. Rad1 Ke7 27.
Re1+ Kf6 28. Red1 Rd5 29. Bg2 Rxd2+ 30. Rxd2 Ke7 31. b3 Rd8 32. Rxd8 Kxd8 33.
Ke3 Ke7 34. Kd4 Kd6 35. b4 Nd7 36. Bh3 f6 37. Bg2 b6 38. Be4 c5+ 39. Kc4 cxb4
40. axb4 a5 41. bxa5 bxa5 42. Bc2 a4 43. Kd4 a3 44. Bb3 Nb6 45. g4 Na4 46. h4
Nc5 47. Ba2 g5 48. fxg5 fxg5 49. hxg5 hxg5 50. Bg8 Ne6+ 51. Kc3 Ke5 52. Kb3 Nc7
53. Bh7 Nb5 54. Bd3 Nd4+ 55. Kxa3 Kf4 56. Kb4 Kxg4 57. Kc3 Nf3 58. Be4 Kf4 59.
Bb7 g4 60. Bc8 g3 0-1

[Event "Gausdal Troll Masters"]
[Site "Gausdal, Norway"]
[Date "2003.01.11"]
[Round "6"]
[White "Larsen, Tor Kristian"]
[Black "Svensen, Tarjei Joten"]
[Result "1/2-1/2"]
[WhiteElo "1747"]
[BlackElo "2074"]
[PlyCount "22"]
[EventDate "2003.01.??"]
[Source "EeEk"]
[SourceDate "2003.01.08"]

1. Nf3 Nf6 2. c4 e6 3. Nc3 d5 4. d4 c6 5. Bg5 Nbd7 6. e3 Bd6 7. Bd3 dxc4 8.
Bxc4 b5 9. Bd3 a6 10. O-O Qb6 11. Rc1 c5 1/2-1/2

[Event "Gausdal Troll Masters"]
[Site "Gausdal, Norway"]
[Date "2003.01.11"]
[Round "6"]
[White "Hörbing, Stefan"]
[Black "Hammer, Jon Ludvig"]
[Result "1-0"]
[WhiteElo "2038"]
[BlackElo "1752"]
[PlyCount "53"]
[EventDate "2003.01.??"]
[Source "EeEk"]
[SourceDate "2003.01.08"]

1. e4 e5 2. Nf3 Nf6 3. Nxe5 d6 4. Nf3 Nxe4 5. d4 d5 6. Bd3 Nc6 7. O-O Be7 8. c4
Nb4 9. Be2 Bf5 10. a3 Nc6 11. Nc3 Nxc3 12. bxc3 dxc4 13. Bxc4 Na5 14. Bb5+ c6
15. Bd3 Be6 16. Rb1 b5 17. Ne5 a6 18. Re1 c5 19. Be4 Ra7 20. d5 Bc8 21. Qh5 g6
22. Bxg6 fxg6 23. Nxg6 hxg6 24. Qxh8+ Kd7 25. Qh7 Qf8 26. Bg5 Kd8 27. Rxe7 1-0

[Event "Gausdal Troll Masters"]
[Site "Gausdal, Norway"]
[Date "2003.01.11"]
[Round "6"]
[White "Ohlzon, Nils-Johan"]
[Black "Nilsen, Terje"]
[Result "1-0"]
[WhiteElo "2176"]
[BlackElo "1794"]
[PlyCount "67"]
[EventDate "2003.01.??"]
[Source "EeEk"]
[SourceDate "2003.01.08"]

1. e4 c5 2. Nf3 a6 3. c4 d6 4. d4 cxd4 5. Nxd4 Nf6 6. Nc3 e6 7. Be2 Be7 8. O-O
O-O 9. Be3 Nbd7 10. f4 Qc7 11. g4 b6 12. g5 Ne8 13. Rc1 g6 14. f5 Ne5 15. f6
Bd8 16. Rf4 h6 17. h4 Kh7 18. Qf1 Bb7 19. Rf2 Rc8 20. b3 Qb8 21. Rg2 Qa8 22.
Qf4 h5 23. Bxh5 Nd3 24. Bxg6+ fxg6 25. Qg4 Ne5 26. Qf4 Nd3 27. Qh2 Rh8 28. h5
Kg8 29. hxg6 Rxh2 30. f7+ Kf8 31. Nxe6+ Ke7 32. f8=Q+ Kxe6 33. Qf7+ Ke5 34.
Qf5# 1-0

[Event "Gausdal Troll Masters"]
[Site "Gausdal, Norway"]
[Date "2003.01.11"]
[Round "6"]
[White "Knudsen, Ragnar"]
[Black "Karlsen, Terje"]
[Result "0-1"]
[WhiteElo "1817"]
[BlackElo "2135"]
[PlyCount "62"]
[EventDate "2003.01.??"]
[Source "EeEk"]
[SourceDate "2003.01.08"]

1. b4 c6 2. e3 Nf6 3. c4 e5 4. Bb2 e4 5. Qb3 d5 6. d3 dxc4 7. dxc4 Bd6 8. c5
Bc7 9. Bc4 O-O 10. Ne2 Nbd7 11. Nd4 Ne5 12. Nd2 Qe7 13. h3 b6 14. cxb6 axb6 15.
b5 c5 16. Nc6 Nxc6 17. bxc6 Rd8 18. Rd1 Bf5 19. Ke2 Rd6 20. g4 Bg6 21. Bb5 Rad8
22. Nc4 Rd3 23. Qa4 Nd5 24. Rxd3 exd3+ 25. Kd2 Be4 26. Qd1 Qh4 27. Rf1 Qxh3 28.
Be5 Bf3 29. Qa1 f6 30. Bxc7 Nxc7 31. Na3 Qxg4 0-1

[Event "Gausdal Troll Masters"]
[Site "Gausdal, Norway"]
[Date "2003.01.11"]
[Round "6"]
[White "Pedersen, Øyvind"]
[Black "Bue, Gunnar"]
[Result "1/2-1/2"]
[WhiteElo "2054"]
[BlackElo "1991"]
[PlyCount "57"]
[EventDate "2003.01.??"]
[Source "EeEk"]
[SourceDate "2003.01.08"]

1. e4 c5 2. c3 e6 3. d4 d5 4. e5 Nc6 5. Nf3 Qb6 6. Bd3 Bd7 7. O-O Rc8 8. dxc5
Bxc5 9. b4 Bf8 10. Be3 Qc7 11. Bf4 Nh6 12. Re1 g6 13. Na3 a6 14. Nc2 Ne7 15.
Bd2 Nhf5 16. Ncd4 Bg7 17. Rc1 O-O 18. Bg5 h6 19. Nxf5 Nxf5 20. Bxf5 hxg5 21.
Bg4 Qc4 22. Nxg5 Bh6 23. h4 Bxg5 24. hxg5 Qf4 25. Bf3 Kg7 26. Qd4 Qxg5 27. Qg4
Qxg4 28. Bxg4 Rc7 29. Red1 1/2-1/2

[Event "Gausdal Troll Masters"]
[Site "Gausdal, Norway"]
[Date "2003.01.11"]
[Round "6"]
[White "Bryn, Askild"]
[Black "Johansson, Per"]
[Result "1/2-1/2"]
[WhiteElo "1616"]
[BlackElo "2016"]
[PlyCount "42"]
[EventDate "2003.01.??"]
[Source "EeEk"]
[SourceDate "2003.01.08"]

1. c4 c6 2. g3 d5 3. b3 Nf6 4. Bg2 Bf5 5. d3 e6 6. Nf3 Bb4+ 7. Nbd2 O-O 8. O-O
Re8 9. Bb2 h6 10. Ne5 Nbd7 11. a3 Bf8 12. e4 Nxe5 13. Bxe5 dxe4 14. dxe4 Bh7
15. Qe2 Nd7 16. Bb2 e5 17. Rfd1 Qc7 18. Nf3 Nc5 19. Nd2 Ne6 20. Nf3 Nc5 21. Nd2
Ne6 1/2-1/2